Literary into cultural studies = Literatura en estudios culturales /
Guardado en:
| Autor principal: | |
|---|---|
| Formato: | Desconocido |
| Lenguaje: | English |
| Publicado: |
Londres; New York :
Routledge,
1991.
|
| Materias: | |
| Etiquetas: |
Agregar Etiqueta
Sin Etiquetas, Sea el primero en etiquetar este registro!
|
MARC
| LEADER | 000000000a22000000004500 | ||
|---|---|---|---|
| 001 | 014394 | ||
| 020 | |a 0415066417 | ||
| 041 | 0 | |a eng | |
| 082 | 0 | 4 | |a 801.95 |b E13L |
| 100 | 1 | |a Easthope, Antony | |
| 245 | 1 | 0 | |a Literary into cultural studies = |b Literatura en estudios culturales / |c Antony Easthope. |
| 246 | 3 | 1 | |a Literatura en estudios culturales |
| 260 | 1 | |a Londres; New York : |b Routledge, |c 1991. | |
| 300 | |a 202 páginas | ||
| 650 | 4 | |a CRITICISMO | |
| 650 | 4 | |a CULTURA POPULAR | |
| 650 | 4 | |a CANON | |
| 500 | |a Colección George Yúdice | ||
| 999 | |c 20285 |d 20285 | ||
| 942 | |c BK |h 801.95 E13L |2 z | ||



